| Tag |
First Indicator |
Second Indicator |
Subfields |
| LEADER |
00000cam a22000008a 4500 |
| 001 |
in00000929708 |
| 005 |
20150925131350.0 |
| 008 |
891012s1990 nju b 00110beng |
| 010 |
|
|
|a 89028971
|
| 020 |
|
|
|a 069103978X (alk. paper) :
|c $25.00
|
| 035 |
|
|
|a (OCoLC)20595383
|
| 035 |
|
|
|9 AES3525AM
|
| 040 |
|
|
|a DLC
|c DLC
|d TXA
|d UtOrBLW
|
| 043 |
|
|
|a e-gx---
|
| 049 |
|
|
|a TXAM
|
| 050 |
0 |
0 |
|a N6888.D8
|b H88 1990
|
| 082 |
0 |
|
|a 760/.092
|a B
|2 20
|
| 100 |
1 |
|
|a Hutchison, Jane Campbell.
|
| 245 |
1 |
0 |
|a Albrecht Dürer :
|b a biography /
|c by Jane Campbell Hutchison.
|
| 263 |
|
|
|a 9008
|
| 264 |
|
1 |
|a Princeton, N.J. :
|b Princeton University Press,
|c [1990]
|
| 264 |
|
4 |
|c ©1990
|
| 300 |
|
|
|a 247 pages :
|b illustrations
|
| 336 |
|
|
|a text
|b txt
|2 rdacontent
|
| 337 |
|
|
|a unmediated
|b n
|2 rdamedia
|
| 338 |
|
|
|a volume
|b nc
|2 rdacarrier
|
| 504 |
|
|
|a Includes bibliographical references and index.
|
| 600 |
1 |
0 |
|a Dürer, Albrecht,
|d 1471-1528.
|
| 650 |
|
0 |
|a Artists
|z Germany
|v Biography.
|
| 999 |
|
|
|a MARS
|
| 999 |
f |
f |
|s ad6b14b8-0d5d-3a53-a78f-4d513378994b
|i 5fb8b0ab-0d2f-3358-b2d0-3cabc4ccf747
|t 0
|
| 952 |
f |
f |
|p normal
|a Texas A&M University
|b College Station
|c Sterling C. Evans Library
|d Evans: Library Stacks
|t 0
|e N6888.D8 H88 1990
|h Library of Congress classification
|i unmediated -- volume
|m A14813960656
|
| 998 |
f |
f |
|a N6888.D8 H88 1990
|t 0
|l Evans: Library Stacks
|